000 00747nam a2200229Ia 4500
001 8858
003 GE_BSU
008 181216s||||||||xx |||||||||||||| ||und||
040 _cGE_BSU
080 _a821.353.1-1
100 _aკაპანაძე,გიორგი
245 _aგაზაფხულის ზარები
245 _bლექსები
245 _cრედ. მ. ჯგუბურია, მხატვ. ი. ქლიბაძე
260 _aთბილისი
260 _bსაბჭოთა საქართველო
260 _c1970
300 _a77გვ.16სმ.
653 _aგაზაფხულის ზარები
653 _aლექსები
942 _cBK
999 _c42165
_d42165